[Event "BCF-chT 2122 (4NCL)"]
[Site "England"]
[Date "2022.03.27"]
[Round "6.141"]
[White "Peck, Silas"]
[Black "Kemp, Peter"]
[Result "1/2-1/2"]
[WhiteElo "1983"]
[BlackElo "2118"]
[PlyCount "46"]
[EventDate "2021.11.27"]
[EventType "team-swiss"]
[EventRounds "11"]
[EventCountry "ENG"]
[SourceTitle "EXT 2023"]
[Source "ChessBase"]
[SourceDate "2022.10.05"]
[SourceVersion "1"]
[SourceVersionDate "2022.10.05"]
[SourceQuality "1"]
[WhiteTeam "Anglian Avengers"]
[BlackTeam "Celtic Tigers"]
[WhiteTeamCountry "ENG"]
[BlackTeamCountry "ENG"]

1. e4 e5 2. Nf3 Nc6 3. Bc4 Bc5 4. c3 Nf6 5. d3 d6 6. Bb3 h6 7. Nbd2 Be6 8. 0-0 0-0 9. Nc4 Bb6 10. Re1 Re8 11. h3 Na5 12. Nxb6 Bxb3 13. axb3 axb6 14. b4 Nc6 15. Rxa8 Qxa8 16. Qb3 b5 17. Nd2 Qa1 18. Nf1 Ra8 19. Ne3 Qa4 20. Qxa4 Rxa4 21. Kf1 Kf8 22. Ke2 Ne7 23. Kd1 Ra8 1/2-1/2

[Event "BCF-chT2a 1516 (4NCL)"]
[Site "England"]
[Date "2016.02.14"]
[Round "6.245"]
[White "Freeman, Richard"]
[Black "Kemp, Peter"]
[Result "1/2-1/2"]
[WhiteElo "2018"]
[BlackElo "2158"]
[PlyCount "70"]
[EventDate "2015.11.14"]
[EventType "team-tourn"]
[EventRounds "7"]
[EventCountry "ENG"]
[SourceTitle "CBM 170 Extra"]
[Source "ChessBase"]
[SourceDate "2016.02.25"]
[SourceVersion "1"]
[SourceVersionDate "2016.02.25"]
[SourceQuality "1"]
[WhiteTeam "MK Phoenix"]
[BlackTeam "Celtic Tigers"]
[WhiteTeamCountry "ENG"]
[BlackTeamCountry "ENG"]

1. f4 g6 2. Nf3 Bg7 3. Nc3 c5 4. e4 Nc6 5. Bb5 Na5 6. Be2 d6 7. d3 Nf6 8. 0-0 0-0 9. Qe1 Rb8 10. a4 a6 11. f5 Nc6 12. Qh4 Ne5 13. Nxe5 dxe5 14. Rf3 gxf5 15. exf5 Qd4+ 16. Qf2 Qxf2+ 17. Rxf2 e6 18. fxe6 Bxe6 19. Be3 Rbc8 20. h3 Nd5 21. Nxd5 Bxd5 22. Bg4 Rc6 23. b3 e4 24. Rd1 exd3 25. Rxd3 Be4 26. Rd7 f5 27. Be2 Rcc8 28. Bc4+ Kh8 29. Bd5 Rfe8 30. Bf7 Red8 31. Rxd8+ Rxd8 32. Bxc5 Rd1+ 33. Rf1 Rd2 34. Rf2 Rd1+ 35. Rf1 Rd2 1/2-1/2

[Event "BCF-chT2a 1516 (4NCL)"]
[Site "England"]
[Date "2015.11.14"]
[Round "1.214"]
[White "Kemp, Peter"]
[Black "Lam, Paul GM"]
[Result "1/2-1/2"]
[WhiteElo "2162"]
[BlackElo "2192"]
[PlyCount "24"]
[EventDate "2015.11.14"]
[EventType "team-tourn"]
[EventRounds "7"]
[EventCountry "ENG"]
[SourceTitle "CBM 169 Extra"]
[Source "ChessBase"]
[SourceDate "2015.12.18"]
[SourceVersion "1"]
[SourceVersionDate "2015.12.18"]
[SourceQuality "1"]
[WhiteTeam "Celtic Tigers"]
[BlackTeam "Warwicks Select"]
[WhiteTeamCountry "ENG"]
[BlackTeamCountry "ENG"]

1. d4 Na6 2. Nf3 c6 3. b3 g6 4. Bb2 Bg7 5. e3 d5 6. Be2 Nh6 7. 0-0 Nc7 8. c4 0-0 9. Nc3 Nf5 10. Rc1 Nd6 11. c5 Ne4 12. Nd2 Nxd2 1/2-1/2

[Event "BCF-chT3S 1415 (4NCL)"]
[Site "England"]
[Date "2014.11.16"]
[Round "2.55"]
[White "Polaczek, Richard"]
[Black "Kemp, Peter"]
[Result "0-1"]
[WhiteElo "2433"]
[BlackElo "2179"]
[PlyCount "96"]
[EventDate "2014.11.15"]
[EventType "team-swiss"]
[EventRounds "6"]
[EventCountry "ENG"]
[SourceTitle "CBM 163 Extra"]
[Source "ChessBase"]
[SourceDate "2014.12.23"]
[SourceVersion "1"]
[SourceVersionDate "2014.12.23"]
[SourceQuality "1"]
[WhiteTeam "Broadland Bitterns"]
[BlackTeam "Celtic Tigers"]
[WhiteTeamCountry "ENG"]
[BlackTeamCountry "ENG"]

1. d4 f5 2. Bg5 g6 3. Nc3 Bg7 4. h4 d6 5. e3 h6 6. Bf4 Nf6 7. Qf3 0-0 8. Bc4+ e6 9. 0-0-0 Qe8 10. Qe2 a6 11. a3 b5 12. Bb3 Bb7 13. f3 Kh8 14. Bh2 Nbd7 15. e4 fxe4 16. fxe4 e5 17. d5 Nc5 18. Nf3 Qd7 19. Bg1 Nxb3+ 20. cxb3 Nh5 21. Bh2 Rf7 22. Ne1 Raf8 23. Nd3 Nf4 24. Bxf4 exf4 25. e5 Bxe5 26. Nxe5 dxe5 27. Qxe5+ Kh7 28. Ne4 Rf5 29. Ng5+ Kg8 30. Qe6+ Qxe6 31. Nxe6 Rc8 32. Rd4 Bxd5 33. Nxf4 Bxb3 34. Nxg6 Rc5+ 35. Kd2 Re8 36. Rc1 Rxc1 37. Kxc1 c5 38. Rd3 c4 39. Rf3 Re2 40. Nf4 Rc2+ 41. Kb1 Rd2 42. Rf1 a5 43. g4 b4 44. axb4 axb4 45. Rc1 Rd4 46. Rf1 c3 47. bxc3 bxc3 48. Ne2 Rd1+ 0-1

[Event "BCF-chT3 1314 (4NCL)"]
[Site "England"]
[Date "2014.05.03"]
[Round "9.107"]
[White "Kemp, Peter"]
[Black "Amato, Giampiero"]
[Result "1-0"]
[WhiteElo "2162"]
[BlackElo "1982"]
[PlyCount "93"]
[EventDate "2013.11.16"]
[EventType "team-swiss"]
[EventRounds "11"]
[EventCountry "ENG"]
[SourceTitle "EXT 2015"]
[Source "ChessBase"]
[SourceDate "2014.11.20"]
[SourceVersion "1"]
[SourceVersionDate "2014.11.20"]
[SourceQuality "1"]
[WhiteTeam "Celtic Tigers"]
[BlackTeam "BCM Rhinos II"]
[WhiteTeamCountry "ENG"]
[BlackTeamCountry "ENG"]

1. d4 c5 2. d5 Nf6 3. c4 g6 4. Nc3 Bg7 5. g3 d6 6. Bg2 0-0 7. Nf3 e6 8. 0-0 exd5 9. cxd5 a6 10. a4 Re8 11. h3 Nbd7 12. Nd2 Rb8 13. Nc4 Nb6 14. Na3 Bd7 15. a5 Nc8 16. Nc4 Bb5 17. Qb3 Bxc4 18. Qxc4 Nd7 19. e4 Ne5 20. Qe2 c4 21. Bd2 Qc7 22. Rfc1 Nd3 23. Rc2 Na7 24. Be3 Nb5 25. Nxb5 axb5 26. Qxd3 Bxb2 27. Ra2 Bg7 28. Qa3 Qd7 29. Rc1 Rbc8 30. Rb1 c3 31. Rc2 f5 32. Qb3 fxe4 33. Qxb5 Qxb5 34. Rxb5 Ra8 35. h4 Be5 36. Bh3 Re7 37. Bb6 Rf8 38. Rb4 Rf3 39. Rxe4 Rd3 40. Bf1 Rd2 41. Rxc3 Rf7 42. Rc7 Rdxf2 43. Rxf7 Rxf7 44. Bh3 Rf3 45. Re3 Rf8 46. Rxe5 dxe5 47. d6 1-0

[Event "Crawley e2e4 Gatwick op 11"]
[Site "Crawley"]
[Date "2013.11.03"]
[Round "4"]
[White "Kalavannan, Koby"]
[Black "Kemp, Peter"]
[Result "0-1"]
[WhiteElo "1812"]
[BlackElo "2164"]
[PlyCount "90"]
[EventDate "2013.11.01"]
[EventType "swiss"]
[EventRounds "5"]
[EventCountry "ENG"]
[SourceTitle "EXT 2014"]
[Source "ChessBase"]
[SourceDate "2013.11.20"]
[SourceVersion "1"]
[SourceVersionDate "2013.11.20"]
[SourceQuality "1"]

1. d4 f5 2. Nf3 Nf6 3. g3 g6 4. Bg2 Bg7 5. 0-0 0-0 6. c4 d6 7. Nc3 Qe8 8. Qc2 c6 9. b3 Na6 10. a3 Bd7 11. Bb2 b5 12. cxb5 cxb5 13. b4 Rc8 14. Qb3+ e6 15. d5 e5 16. Ng5 Nc7 17. e4 h6 18. Nf3 Qf7 19. Nd2 Nh5 20. f3 Na8 21. Qd1 Bf6 22. Qe2 Qe8 23. Rac1 Bd8 24. Nb3 Nb6 25. Na5 Nc4 26. Nxc4 Rxc4 27. Na2 Bb6+ 28. Kh1 g5 29. Bh3 fxe4 30. Bxd7 Qxd7 31. f4 Qh3 32. Qg2 Qxg2+ 33. Kxg2 gxf4 34. Rxc4 bxc4 35. Rc1 f3+ 36. Kf1 e3 37. Nc3 Bd4 38. Ba1 Nf6 39. Nb5 Bxa1 40. Rxa1 Ne4 41. Nxa7 Nd2+ 42. Ke1 c3 43. b5 f2+ 44. Ke2 f1Q+ 45. Rxf1 Nxf1 0-1

[Event "Crawley e2e4 Gatwick op 11"]
[Site "Crawley"]
[Date "2013.11.03"]
[Round "5"]
[White "Kemp, Peter"]
[Black "Salem, Ihab"]
[Result "1/2-1/2"]
[WhiteElo "2164"]
[BlackElo "2101"]
[PlyCount "50"]
[EventDate "2013.11.01"]
[EventType "swiss"]
[EventRounds "5"]
[EventCountry "ENG"]
[SourceTitle "EXT 2014"]
[Source "ChessBase"]
[SourceDate "2013.11.20"]
[SourceVersion "1"]
[SourceVersionDate "2013.11.20"]
[SourceQuality "1"]

1. d4 g6 2. Nf3 Bg7 3. g3 Nf6 4. Bg2 0-0 5. c4 d6 6. Nc3 Nc6 7. 0-0 a6 8. b3 Rb8 9. Nd5 e6 10. Ne3 Bd7 11. Bb2 Ne4 12. Ne1 f5 13. f3 Qg5 14. N1c2 Nf6 15. f4 Qh5 16. Qd3 g5 17. fxg5 Qxg5 18. Rad1 Ne7 19. Ne1 Bh6 20. Bc1 Qg7 21. N3c2 Ng6 22. Bxh6 Qxh6 23. Qe3 Qh5 24. Qf3 Qh6 25. Qe3 Qh5 1/2-1/2

[Event "BCF-chT3 1011 (4NCL)"]
[Site "England"]
[Date "2011.03.27"]
[Round "8.31"]
[White "Clark, Ian C"]
[Black "Kemp, Peter"]
[Result "1-0"]
[WhiteElo "2067"]
[BlackElo "2158"]
[PlyCount "47"]
[EventDate "2010.11.06"]
[EventType "team-swiss"]
[EventRounds "9"]
[EventCountry "ENG"]
[SourceTitle "EXT 2012"]
[Source "ChessBase"]
[SourceDate "2011.11.24"]
[SourceVersion "1"]
[SourceVersionDate "2011.11.24"]
[SourceQuality "1"]
[WhiteTeam "Wessex II"]
[BlackTeam "Celtic Tigers"]
[WhiteTeamCountry "ENG"]
[BlackTeamCountry "ENG"]

1. e4 e5 2. Nf3 Nc6 3. Bc4 Bc5 4. c3 Nf6 5. d4 exd4 6. cxd4 Bb4+ 7. Bd2 Bxd2+ 8. Nbxd2 d5 9. exd5 Nxd5 10. 0-0 0-0 11. Re1 Nb6 12. Ne5 Nxe5 13. dxe5 Nxc4 14. Nxc4 Be6 15. Qe2 Qe7 16. Rac1 Rfd8 17. b3 Rd4 18. Qe3 Rad8 19. Nd6 Rb4 20. Qc5 Rg4 21. Qxc7 Rxg2+ 22. Kxg2 Qg5+ 23. Kh1 Rd7 24. Qc5 1-0

[Event "BCF-chT3 1011 (4NCL)"]
[Site "England"]
[Date "2011.02.20"]
[Round "6.32"]
[White "Foster, James M"]
[Black "Kemp, Peter"]
[Result "1-0"]
[WhiteElo "2011"]
[BlackElo "2158"]
[PlyCount "93"]
[EventDate "2010.11.06"]
[EventType "team-swiss"]
[EventRounds "9"]
[EventCountry "ENG"]
[SourceTitle "EXT 2012"]
[Source "ChessBase"]
[SourceDate "2011.11.24"]
[SourceVersion "1"]
[SourceVersionDate "2011.11.24"]
[SourceQuality "1"]
[WhiteTeam "Oxford II"]
[BlackTeam "Celtic Tigers"]
[WhiteTeamCountry "ENG"]
[BlackTeamCountry "ENG"]

1. e4 e5 2. Nf3 Nc6 3. Bc4 Bc5 4. c3 Nf6 5. d4 exd4 6. cxd4 Bb4+ 7. Bd2 Bxd2+ 8. Nbxd2 d5 9. exd5 Nxd5 10. Qb3 Nce7 11. 0-0 0-0 12. Rfe1 c6 13. Ne4 Qb6 14. Nd6 Qc7 15. Nxc8 Raxc8 16. Rac1 Nf6 17. Qa3 Ned5 18. Bxd5 Nxd5 19. Qxa7 Nf4 20. Qa3 Qd7 21. g3 Ne6 22. Rcd1 Rfe8 23. Qb3 Rcd8 24. a3 Qd5 25. Qxd5 Rxd5 26. Re5 Red8 27. Rxd5 Rxd5 28. b4 g5 29. Kf1 g4 30. Ne5 h5 31. a4 Kg7 32. Nc4 Kf6 33. a5 Ke7 34. Ne3 Rb5 35. d5 Nd8 36. Rd4 c5 37. Re4+ Kd6 38. bxc5+ Rxc5 39. Ra4 Rb5 40. a6 Rb1+ 41. Kg2 h4 42. gxh4 bxa6 43. Rxa6+ Kc7 44. h5 Nb7 45. Nxg4 Nd6 46. Ne5 Rb4 47. Rc6+ 1-0

[Event "BCF-chT3 1011 (4NCL)"]
[Site "England"]
[Date "2011.02.19"]
[Round "5.31"]
[White "Kemp, Peter"]
[Black "Ross, Chris Neil"]
[Result "1/2-1/2"]
[WhiteElo "2158"]
[BlackElo "2223"]
[PlyCount "63"]
[EventDate "2010.11.06"]
[EventType "team-swiss"]
[EventRounds "9"]
[EventCountry "ENG"]
[SourceTitle "EXT 2012"]
[Source "ChessBase"]
[SourceDate "2011.11.24"]
[SourceVersion "1"]
[SourceVersionDate "2011.11.24"]
[SourceQuality "1"]
[WhiteTeam "Celtic Tigers"]
[BlackTeam "Braille Chess Association"]
[WhiteTeamCountry "ENG"]
[BlackTeamCountry "ENG"]

1. d4 g6 2. Nf3 Bg7 3. g3 Nf6 4. c4 d6 5. Bg2 0-0 6. Nc3 Nc6 7. 0-0 a6 8. b3 Rb8 9. Nd5 Bg4 10. Bb2 e5 11. Nxf6+ Bxf6 12. d5 Ne7 13. Ne1 Bg7 14. Rc1 b6 15. Nd3 Qc8 16. Qd2 Bh3 17. f4 Bxg2 18. Kxg2 e4 19. Bxg7 Kxg7 20. Nf2 f5 21. Qd4+ Kg8 22. Rfd1 a5 23. h4 Qe8 24. Rd2 Qf7 25. Nd1 Qf6 26. Nc3 Qxd4 27. Rxd4 Kf7 28. Nb5 Rfc8 29. Rdd1 h5 30. Na7 Re8 31. Nb5 Rec8 32. Na7 1/2-1/2

[Event "BCF-chT3 1011 (4NCL)"]
[Site "England"]
[Date "2010.11.07"]
[Round "2.31"]
[White "Oliver, Martin"]
[Black "Kemp, Peter"]
[Result "0-1"]
[WhiteElo "1874"]
[BlackElo "2158"]
[PlyCount "188"]
[EventDate "2010.11.06"]
[EventType "team-swiss"]
[EventRounds "9"]
[EventCountry "ENG"]
[SourceTitle "CBM 139 Extra"]
[Source "ChessBase"]
[SourceDate "2011.01.05"]
[SourceVersion "1"]
[SourceVersionDate "2011.01.05"]
[SourceQuality "1"]
[WhiteTeam "Bristol II"]
[BlackTeam "Celtic Tigers"]
[WhiteTeamCountry "ENG"]
[BlackTeamCountry "ENG"]

1. d4 f5 2. Bg5 g6 3. e3 Bg7 4. Bd3 d6 5. Nf3 Be6 6. 0-0 Nf6 7. c4 0-0 8. Nc3 c6 9. Qc2 Na6 10. a3 Nc7 11. Rfe1 Qd7 12. Rac1 Rae8 13. Rcd1 Bf7 14. Bf1 h6 15. Bh4 g5 16. Bg3 Nh5 17. Ne2 b5 18. b3 Rb8 19. Nd2 a5 20. h3 Rb7 21. Bh2 Rfb8 22. Rb1 Bf6 23. Ng3 Ng7 24. Bd3 Bg6 25. Rec1 e5 26. Qb2 Nce6 27. Ne2 exd4 28. exd4 Nc5 29. Qc2 Nxd3 30. Qxd3 Re8 31. Re1 Kh7 32. f4 Qe7 33. Kf2 Ne6 34. Nf3 Qd8 35. Kf1 Kg7 36. g3 gxf4 37. gxf4 Kh7 38. Kf2 Qb6 39. Red1 Rbe7 40. Rd2 Ng7 41. cxb5 Qxb5 42. Qxb5 cxb5 43. Rc1 Bh5 44. Rc3 Bf7 45. Nc1 Bd5 46. Ne2 Re4 47. Kf1 Re3 48. Kf2 R3e7 49. Bg3 b4 50. axb4 axb4 51. Rcd3 Bc6 52. Nfg1 Bb5 53. Rf3 Nh5 54. Bh2 Re4 55. Kf1 Bh4 56. d5 Ra8 57. Kg2 Ra1 58. Nd4 Be1 59. Nxb5 Bxd2 60. Nxd6 Nxf4+ 61. Bxf4 Rxf4 62. Rxf4 Bxf4 63. Nxf5 Kg6 64. Ne7+ Kf6 65. Nc6 Bd6 66. Ne2 Rb1 67. Ned4 Bc5 68. Kf3 Bxd4 69. Nxd4 Ke5 70. Nc6+ Kd6 71. Na5 Kxd5 72. Kg4 Ra1 73. Nc4 Rb1 74. Na5 Ra1 75. Nc4 Kd4 76. Kh5 Ra6 77. Nd2 Kc3 78. Ne4+ Kxb3 79. Nc5+ Kc4 80. Nxa6 b3 81. Kxh6 b2 82. h4 b1Q 83. h5 Qb6+ 84. Kg7 Qxa6 85. h6 Kd5 86. h7 Ke6 87. h8Q Qb7+ 88. Kg6 Qg2+ 89. Kh6 Qh2+ 90. Kg7 Qg3+ 91. Kf8 Qf4+ 92. Kg7 Qg5+ 93. Kf8 Qe7+ 94. Kg8 Qf7# 0-1

[Event "BCF-chT2b 0910 (4NCL)"]
[Site "England"]
[Date "2010.03.27"]
[Round "7.3"]
[White "Eggleston, David"]
[Black "Kemp, Peter"]
[Result "1-0"]
[WhiteElo "2357"]
[BlackElo "2164"]
[PlyCount "83"]
[EventDate "2009.10.24"]
[EventType "team-tourn"]
[EventRounds "11"]
[EventCountry "ENG"]
[SourceTitle "EXT 2010"]
[Source "ChessBase"]
[SourceDate "2010.11.25"]
[SourceVersion "1"]
[SourceVersionDate "2010.11.25"]
[SourceQuality "1"]
[WhiteTeam "Cheddleton"]
[BlackTeam "Celtic Tigers"]
[WhiteTeamCountry "ENG"]
[BlackTeamCountry "ENG"]

1. e4 e5 2. Nf3 Nc6 3. Bc4 Bc5 4. b4 Bxb4 5. c3 Ba5 6. d4 exd4 7. 0-0 d6 8. Qb3 Qf6 9. cxd4 Bb6 10. e5 dxe5 11. dxe5 Qg6 12. Ba3 Be6 13. Rd1 Nge7 14. Nc3 0-0 15. Nd5 Bxd5 16. Bxd5 Nxd5 17. Rxd5 Rfd8 18. Rad1 h6 19. g3 Rxd5 20. Rxd5 Rd8 21. Nh4 Qe4 22. Rxd8+ Nxd8 23. Qf3 Qb1+ 24. Kg2 Qxa2 25. Nf5 Qe6 26. Qg4 Qxe5 27. Nxh6+ Kh7 28. Nf5 g6 29. Qh4+ Kg8 30. Qxd8+ Kh7 31. Qh4+ Kg8 32. Nh6+ Kg7 33. Ng4 Qe4+ 34. Kh3 Qf5 35. Qh6+ Kg8 36. Qf8+ Kh7 37. Bb2 Qh5+ 38. Kg2 Qd5+ 39. f3 Qd2+ 40. Kh3 Qxb2 41. Qxf7+ Kh8 42. Nf6 1-0

[Event "BCF-chT2b 0809 (4NCL)"]
[Site "Hinckley Island"]
[Date "2008.12.06"]
[Round "3.3"]
[White "Kemp, Peter"]
[Black "Wallace, Paul Anthony"]
[Result "1/2-1/2"]
[WhiteElo "2177"]
[BlackElo "2243"]
[PlyCount "101"]
[EventDate "2008.10.04"]
[EventType "team-tourn"]
[EventRounds "7"]
[EventCountry "ENG"]
[SourceTitle "EXT 2010"]
[Source "ChessBase"]
[SourceDate "2010.11.25"]
[SourceVersion "1"]
[SourceVersionDate "2010.11.25"]
[SourceQuality "1"]
[WhiteTeam "Celtic Tigers"]
[BlackTeam "CHEDP"]
[WhiteTeamCountry "ENG"]
[BlackTeamCountry "ENG"]

1. d4 Nf6 2. Nf3 g6 3. g3 Bg7 4. Bg2 0-0 5. c4 d6 6. 0-0 Nbd7 7. Nc3 Re8 8. e4 e5 9. h3 c6 10. b3 Qc7 11. Bb2 a6 12. Rc1 exd4 13. Nxd4 Nc5 14. Qc2 a5 15. Rcd1 Qb6 16. Rfe1 a4 17. Nxa4 Nxa4 18. bxa4 Nd7 19. Nb3 Bxb2 20. a5 Qb4 21. Qxb2 Rxa5 22. Qd2 Qxd2 23. Rxd2 Ra4 24. Rxd6 Rxc4 25. Red1 Nc5 26. R6d4 Rxd4 27. Rxd4 Nxb3 28. axb3 Be6 29. Rb4 b5 30. e5 Rc8 31. f4 Kf8 32. g4 Ke7 33. Kf2 Bd7 34. Rd4 c5 35. Rd3 Be6 36. Ke3 c4 37. bxc4 Bxc4 38. Ra3 Rb8 39. Ra7+ Ke6 40. Ra6+ Kd7 41. Ra7+ Ke6 42. Bc6 Rd8 43. Rb7 g5 44. Bxb5 gxf4+ 45. Kxf4 Rd4+ 46. Kg5 Bd5 47. Rb6+ Kxe5 48. Rf6 Be6 49. Rf3 f6+ 50. Rxf6 Bxg4 51. hxg4 1/2-1/2

[Event "BCF-chT4 0607 (4NCL)"]
[Site "Sunningdale"]
[Date "2007.05.28"]
[Round "11.52"]
[White "Kemp, Peter"]
[Black "Briscoe, Christopher"]
[Result "1/2-1/2"]
[WhiteElo "2195"]
[BlackElo "2121"]
[PlyCount "30"]
[EventDate "2006.09.16"]
[EventType "team-tourn"]
[EventRounds "11"]
[EventCountry "ENG"]
[SourceTitle "EXT 2008"]
[Source "ChessBase"]
[SourceDate "2007.11.25"]
[SourceVersion "1"]
[SourceVersionDate "2007.11.25"]
[SourceQuality "1"]
[WhiteTeam "Celtic Tigers"]
[BlackTeam "Coventry"]
[WhiteTeamCountry "ENG"]
[BlackTeamCountry "ENG"]

1. d4 Nf6 2. c4 e6 3. g3 d5 4. Bg2 dxc4 5. Qa4+ c6 6. Qxc4 b5 7. Qc2 Bb7 8. Nf3 Nbd7 9. 0-0 c5 10. Bg5 Rc8 11. Nbd2 Be7 12. Nb3 Be4 13. Qc3 b4 14. Qe3 c4 15. Bxf6 Nxf6 1/2-1/2

[Event "BCF-chT4 0607 (4NCL)"]
[Site "Sunningdale"]
[Date "2007.03.24"]
[Round "7.42"]
[White "Scott, David A"]
[Black "Kemp, Peter"]
[Result "0-1"]
[WhiteElo "2110"]
[BlackElo "2192"]
[PlyCount "96"]
[EventDate "2006.09.16"]
[EventType "team-tourn"]
[EventRounds "11"]
[EventCountry "ENG"]
[SourceTitle "EXT 2008"]
[Source "ChessBase"]
[SourceDate "2007.11.25"]
[SourceVersion "1"]
[SourceVersionDate "2007.11.25"]
[SourceQuality "1"]
[WhiteTeam "Oxford II"]
[BlackTeam "Celtic Tigers"]
[WhiteTeamCountry "ENG"]
[BlackTeamCountry "ENG"]

1. Nf3 f5 2. d4 g6 3. g3 Nf6 4. Bg2 Bg7 5. 0-0 0-0 6. b3 d6 7. Bb2 Na6 8. c4 c6 9. Nbd2 e5 10. dxe5 Ng4 11. h3 Nxe5 12. Nxe5 dxe5 13. Qc2 Qe7 14. Rad1 Re8 15. Bc3 e4 16. Bxg7 Qxg7 17. Nb1 Be6 18. Qc3 Rad8 19. Qxg7+ Kxg7 20. Nc3 Nc5 21. f3 exf3 22. Bxf3 a5 23. Kf2 g5 24. Rxd8 Rxd8 25. Ke3 Kf6 26. h4 gxh4 27. gxh4 Ke5 28. Rg1 f4+ 29. Kf2 Rg8 30. Rxg8 Bxg8 31. e3 a4 32. exf4+ Kxf4 33. Bd1 h6 34. Nxa4 Nxa4 35. bxa4 Bxc4 36. a3 b6 37. Bf3 Bd5 38. Bd1 Be4 39. h5 Bd5 40. Bc2 Bf3 41. Bg6 Bd1 42. a5 bxa5 43. Ke1 Bf3 44. Kd2 Kg5 45. Be8 c5 46. Bf7 Bxh5 47. Bd5 Kf4 48. Kd3 Ke5 0-1

[Event "Portsmouth op"]
[Site "Portsmouth"]
[Date "2003.02.22"]
[Round "3"]
[White "Kemp, Peter"]
[Black "Buckley, Simon T"]
[Result "1/2-1/2"]
[WhiteElo "2192"]
[BlackElo "2266"]
[PlyCount "64"]
[EventDate "2003.02.21"]
[EventType "swiss"]
[EventRounds "6"]
[EventCountry "ENG"]
[SourceTitle "EXT 2004"]
[Source "ChessBase"]
[SourceDate "2003.11.25"]
[SourceVersion "1"]
[SourceVersionDate "2003.11.25"]
[SourceQuality "1"]

1. d4 d6 2. Nf3 Nf6 3. g3 g6 4. Bg2 Bg7 5. c4 0-0 6. Nc3 a6 7. 0-0 Nc6 8. b3 Rb8 9. a4 a5 10. Bb2 Nb4 11. e4 Bg4 12. h3 Bxf3 13. Qxf3 Nd7 14. Rad1 c6 15. Ne2 Qc7 16. Nf4 e5 17. Nd3 Na6 18. d5 cxd5 19. cxd5 Qb6 20. Ba3 f5 21. Qe3 Qxe3 22. fxe3 fxe4 23. Bxe4 Nf6 24. Bg2 Rfd8 25. Rc1 Ne8 26. Nf2 b5 27. Ne4 bxa4 28. bxa4 Bh6 29. Rc3 Nb4 30. Rd1 Rdc8 31. Bxb4 axb4 32. Rb3 Rc2 1/2-1/2